<?xml version="1.0" encoding="UTF-8"?>
<record
    xmlns:xsi="http://www.w3.org/2001/XMLSchema-instance"
    xsi:schemaLocation="http://www.loc.gov/MARC21/slim http://www.loc.gov/standards/marcxml/schema/MARC21slim.xsd"
    xmlns="http://www.loc.gov/MARC21/slim">

  <leader>02447cam a2200181 a 4500</leader>
  <datafield tag="020" ind1=" " ind2=" ">
    <subfield code="a">9781602580244 (pbk. : alk. paper)</subfield>
  </datafield>
  <datafield tag="020" ind1=" " ind2=" ">
    <subfield code="a">1602580243 (pbk. : alk. paper)</subfield>
  </datafield>
  <datafield tag="041" ind1="1" ind2=" ">
    <subfield code="a">ENG</subfield>
  </datafield>
  <datafield tag="082" ind1="0" ind2="0">
    <subfield code="a">227.92077</subfield>
    <subfield code="b">FEL</subfield>
  </datafield>
  <datafield tag="100" ind1="1" ind2=" ">
    <subfield code="a">Feldmeier, Reinhard.</subfield>
  </datafield>
  <datafield tag="245" ind1="1" ind2="4">
    <subfield code="a">The first letter of Peter : A Commentary on the Greek Text</subfield>
  </datafield>
  <datafield tag="260" ind1=" " ind2=" ">
    <subfield code="a">Waco, Tex. :</subfield>
    <subfield code="b">Baylor University Press,</subfield>
    <subfield code="c">c2008.</subfield>
  </datafield>
  <datafield tag="300" ind1=" " ind2=" ">
    <subfield code="a">xxii, 317 p. ;</subfield>
  </datafield>
  <datafield tag="505" ind1="0" ind2=" ">
    <subfield code="a">Introduction -- The "fiery ordeal" (1 Peter 4:12) : the situation of suffering -- The "foreigners" (1 Peter 1:1; 2:11) : the theological interpretation of the situation -- "In order to encourage and to testify" (1 Peter 5:12) : the arrangement of the letter -- "Rebirth" and "people of God" : the crossing of the vertical and horizontal dimensions of soteriology -- "For it is written" (1 Peter 1:16) : 1 Peter and tradition -- "Peter, apostle of Jesus Christ" (1 Peter 1:1) : questions of introduction -- The influence of First Peter -- Exegesis -- Prescript : the addressees as foreigners and people of God 1:1-2 -- The reason for the foreignness : rebirth and the people of God 1:3-2:10 -- Rebirth 1:3-2:3 -- Introductory eulogy : rebirth and joy in suffering 1:3-12 -- Rebirth and the new way of life 1:13-2:3 -- The regenerate as God's people 2:4-10 -- The building up into a spiritual house 2:4-8 -- The foreigners as God's people 2:9-10 -- Summary 1:3-2:10 -- Freedom and obedience : foreigners in the society 2:11-5:11 -- Exhortation and comfort 2:11-4:11 -- Living as foreigners 2:11-12 -- New way of life within the society 2:13-4:6 -- Exhortation to love one another 4:7-11 -- Comfort and exhortation 4:12-5:11 -- Suffering as fellowship with Christ 4:12-19 -- Leadership and service within the community 5:1-5 -- Final exhortation and comfort 5:6-11 -- Letter closing 5:12-14 -- Excursus 1: hope -- Excursus 2: "imperishable, undefiled, unfading" : the reception and transfomation of metaphysical attributes of God in 1 Peter -- Excursus 3: temptation/[peripasmos] -- Excursus 4: the soul and salvation of the soul in 1 Peter -- Excursus 5: the desires -- Excursus 6: God as judge -- Excursus 7: rebirth -- Excursus 8: the context of the exhortation to subordination -- Excursus 9: subject and responsible citizen -- Excursus 10: "humility"/[tapeinofrosunh] -- Excursus 11: devil/Satan.</subfield>
  </datafield>
  <datafield tag="650" ind1=" " ind2=" ">
    <subfield code="a">Bible - Peter 1st </subfield>
  </datafield>
  <datafield tag="856" ind1="4" ind2="1">
    <subfield code="u">http://www.loc.gov/catdir/toc/fy0805/2007046039.html</subfield>
  </datafield>
  <datafield tag="942" ind1=" " ind2=" ">
    <subfield code="c">BK</subfield>
  </datafield>
  <datafield tag="952" ind1=" " ind2=" ">
    <subfield code="0">0</subfield>
    <subfield code="1">0</subfield>
    <subfield code="4">0</subfield>
    <subfield code="7">0</subfield>
    <subfield code="a">HMI</subfield>
    <subfield code="b">HMI</subfield>
    <subfield code="c">GEN</subfield>
    <subfield code="d">2018-11-28</subfield>
    <subfield code="l">0</subfield>
    <subfield code="o">227.92077 FEL</subfield>
    <subfield code="p">11-3969</subfield>
    <subfield code="r">2018-11-28</subfield>
    <subfield code="w">2018-11-28</subfield>
    <subfield code="y">BK</subfield>
  </datafield>
  <datafield tag="952" ind1=" " ind2=" ">
    <subfield code="0">0</subfield>
    <subfield code="1">0</subfield>
    <subfield code="4">0</subfield>
    <subfield code="7">0</subfield>
    <subfield code="a">HMI</subfield>
    <subfield code="b">HMI</subfield>
    <subfield code="c">GEN</subfield>
    <subfield code="d">2018-11-28</subfield>
    <subfield code="l">0</subfield>
    <subfield code="o">227.92077 FEL</subfield>
    <subfield code="p">11003970</subfield>
    <subfield code="r">2026-01-16</subfield>
    <subfield code="w">2026-01-16</subfield>
    <subfield code="y">BK</subfield>
  </datafield>
  <datafield tag="999" ind1=" " ind2=" ">
    <subfield code="c">22563</subfield>
    <subfield code="d">22563</subfield>
  </datafield>
</record>
